| 000 | 01120nam a2200265 4500 | ||
|---|---|---|---|
| 999 |
_c121098 _d121098 |
||
| 001 | K121098 | ||
| 008 | 160218b2019 xxu||||| |||| 00| 0 eng d | ||
| 020 | _a9781783213634 | ||
| 041 | _aeng | ||
| 050 | _aF692.5 | ||
| 110 | _aBuilding Cost Information Service | ||
| 245 |
_aAlterations and refurbishment price book _bMaintenance and operating costs _c2020 |
||
| 250 | _a25th | ||
| 260 |
_aLondon _bBCIS _c2019 |
||
| 300 |
_a1 v. _c30 cm |
||
| 520 | _aIntended for use on projects consisting entirely or substantially of alterations and improvements to existing buildings from simply taking a door and blocking up the opening to projects up to £180,000 in value. Each section provides details of labour time together a detailed cost analysis of work it into labour, plant and material totalled to show a competitive and realistic total unit price. | ||
| 520 | _aSupersedes 24th ed ISBN 97817832113184 | ||
| 650 | _aAlterations | ||
| 650 | _aRefurbishment | ||
| 650 | _aBuilding costs | ||
| 650 | _aPrice books | ||
| 651 | _aUnited Kingdom 1973 | ||
| 690 |
_96233 _aCost management |
||
| 942 | _n0 | ||